000 00484nam a22001817a 4500
003 MPLRDC
005 20220104143120.0
008 210129b ||||| |||| 00| 0 eng d
082 _a524.9252 DZ 1991
100 _a马来西亚全国华文独立中工委会课程编纂
245 _a东南亚
_c
250 _a一版一刷
260 _a
_b马来西亚华校董事联合会总会
_c1991
300 _b
490 _a高中地理
650 _a
942 _cBK
_o524.9252 DZ 1991
999 _c36778
_d36768